| 000 | 00391cam a2200169ua 4500 | ||
|---|---|---|---|
| 020 | _c3.50 | ||
| 041 |
_amal _h |
||
| 082 |
_a100 _bKUR/AN |
||
| 100 | _aKurup, D.B . | ||
| 245 |
_aAnaswara chinthakal / _cD.B Kurup. _hTextual Documents |
||
| 260 |
_aThrissur : _bCurrent Books , _c1966. |
||
| 300 | _a240 ; . | ||
| 365 | _a3.50 | ||
| 504 | _a | ||
| 942 | _cBK | ||
| 999 |
_c4930 _d4930 |
||